Catálogo
 En Linea

La enciclopedia de los coches deportivos : (Registro nro. 33765)

Detalles MARC
000 -CABECERA
campo de control de longitud fija 00701nam a2200193 a 4500
001 - NÚMERO DE CONTROL
campo de control 000034274
005 - FECHA Y HORA DE LA ÚLTIMA TRANSACCIÓN
campo de control 20200930073620.0
008 - DATOS DE LONGITUD FIJA--INFORMACIÓN GENERAL
campo de control de longitud fija 110929s2003 es 000 0 spa d
020 ## - NÚMERO INTERNACIONAL ESTÁNDAR DEL LIBRO
Número Internacional Estándar del Libro 8466203915
040 ## - FUENTE DE LA CATALOGACIÓN
Centro catalogador/agencia de origen DO-SdBNP
Lengua de catalogación spa
Centro/agencia transcriptor BNPHU
049 ## - FONDOS LOCALES (OCLC)
Fondos de biblioteca BNPD
100 1# - ENTRADA PRINCIPAL--NOMBRE DE PERSONA
Nombre de persona Rive Box, Rob de La
9 (RLIN) 59702
245 13 - MENCIÓN DE TÍTULO
Título La enciclopedia de los coches deportivos :
Resto del título 1945-1975 /
Mención de responsabilidad, etc. Rob de la Rive Box ; traducción, José Luis Tamayo e Fabián Romero Tamayo.
260 ## - PUBLICACIÓN, DISTRIBUCIÓN, ETC.
Lugar de publicación, distribución, etc. Alcobendas, Madrid :
Nombre del editor, distribuidor, etc. Libsa,
Fecha de publicación, distribución, etc. 2003.
300 ## - DESCRIPCIÓN FÍSICA
Extensión 287p. :
Otras características físicas il. ;
Dimensiones 24 cm.
534 ## - NOTA SOBRE LA VERSIÓN ORIGINAL
Encabezamiento principal del original Título original
Título clave del original Encyclopaedia of classic cars sports cars 1945-1975
700 1# - PUNTO DE ACCESO ADICIONAL--NOMBRE DE PERSONA
Nombre de persona Tamayo, José Luis,
9 (RLIN) 59703
700 1# - PUNTO DE ACCESO ADICIONAL--NOMBRE DE PERSONA
Nombre de persona Remo Tamayo, Fabián
9 (RLIN) 59704
Existencias
Estado de retiro Estado de pérdida Restricciones de uso No para préstamo Código de colección Localización permanente Ubicación/localización actual Ubicación en estantería Fecha de adquisición Número de inventario Total de préstamos Signatura topográfica completa Código de barras Fecha visto por última vez Precio válido a partir de Tipo de ítem Koha
      Excluido de préstamo Monografías: Libros y Folletos General General En catalogación 29.09.2011 LF1   34274-10 25.06.2020 25.06.2020 No se presta

Con tecnología Koha